00470cam a2200181ua 45000010006000000050017000060080039000230200018000620400009000800410008000890820013000971000033001102450045001432500012001882600033002003000010002336530045002431164520260515114759.0191014n ii |||gr||||Z||||||asm a9789382056515 cMAIN aasm a891.4514 aJayanta Kumar Bora,eAuthor. aBisay aru byakhyacBy Jayanta Kumar Bora a1st ed. aDibrugarh:bBanalata,c2017. a333p. aCritical analysis of Assamese literature